| 000 | 00803nam a22002537a 4500 | ||
|---|---|---|---|
| 003 | OSt | ||
| 005 | 20230223122635.0 | ||
| 008 | 150522b xxu||||| |||| 00| 0 eng d | ||
| 020 | _a2 85850 498 9 | ||
| 040 | _cBiblioteca Lado V | ||
| 082 |
_a750 _bM379m |
||
| 100 |
_9745 _aMartin, Jean-Huber _eautor |
||
| 245 | _aMagaciens de la terre/ | ||
| 260 |
_c1989 _aParis _bCentre Gerges Pompies |
||
| 300 |
_a271p. _c20x22cm |
||
| 650 |
_2Tesauro de Arte & Arquitectura _aARTE |
||
| 650 |
_2Tesauro de Arte & Arquitectura _aCATALOGO _9702 |
||
| 651 |
_2Tesauro de Arte & Arquitectura _aPARIS |
||
| 700 |
_aFrancis, Mark _eautor |
||
| 700 |
_aMagnin, Andre _eautor |
||
| 700 |
_aMarcade, Bernard _eautor _9139 |
||
| 700 |
_aBlanchon, Claire _eautor |
||
| 942 |
_2ddc _c1 _h750 _iM379m _n0 |
||
| 999 |
_c3056 _d3056 |
||